Capitals Without First and Last Letter - Sudden Death #1 - Statistics

General Stats
  • This quiz has been taken 36 times
  • The average score is 16 of 19
Answers on the Grid
Answers color-coded by a green-red scale on the quiz's grid according to % correct below.
OSCO
SUNCIÓ
HIMPH
MMA
JUBLJAN
SL
ELLINGTO
STAN
ANTIAG
ALLETT
SLAMABA
THEN
RIPOL
ANBERR
YONGYAN
OGOT
AIROB
LGIER
INGSTOW
ARENT
EMAN
ORBANI
OHANNESBUR
LEXANDRI
THUN
ORTUGA
ANELL
 
Answer Stats
Answer % Correct
ATHENS THEN
96%
MOSCOW OSCO
89%
ASUNCIÓN SUNCIÓ
89%
VALLETTA ALLETT
86%
SANTIAGO ANTIAG
86%
WELLINGTON ELLINGTO
86%
ALGIERS LGIER
86%
OSLO SL
86%
ISLAMABAD SLAMABA
86%
PYONGYANG YONGYAN
86%
NAIROBI AIROB
82%
CANBERRA ANBERR
82%
THIMPHU HIMPH
82%
KINGSTOWN INGSTOW
82%
LJUBLJANA JUBLJAN
82%
BOGOTÁ OGOT
82%
TRIPOLI RIPOL
82%
AMMAN MMA
79%
ASTANA STAN
68%
No matching quizzes found
Score Distribution
Percent of People with Each Score
Percentile by Number Answered
Your Score History
You have not taken this quiz